El paciente inglés

Finales de la Segunda Guerra Mundial (1939-1945). Un hombre herido viaja en un convoy sanitario por una carretera italiana, pero su estado es tan grave que tiene que quedarse en un monasterio deshabitado y semiderruido, donde se encarga de cuidarlo Hana, una enfermera canadiense. Aunque su cuerpo es...

Descripción completa

Guardado en:
Autor Principal: Minghella, Anthony.
Autor Corporativo: Miramax.
Otros Autores: Ondaatje, Michael; Novela., Fiennes, Ralph; Reparto., Thomas, Scott; Reparto., Binoche, Juliette; Reparto., Dafoe, Willem; Reparto.
Formato: Deslizar
Idioma:Undetermined
Publicado: Reino Unido : Miramax, 1996.
Materias:
Etiquetas: Agregar Etiqueta
Sin Etiquetas, Sea el primero en etiquetar este registro!
LEADER 01407ngm a22002655a 4500
001 CEM.cems020674
008 231122s1996####xx#---############vlund#d
005 20231122194325.0
245 1 0 |a El paciente inglés  |h [videograbación] /  |c Anthony Minghella. 
260 |a Reino Unido :  |b Miramax,  |c 1996. 
300 |a 161'. 
520 |a Finales de la Segunda Guerra Mundial (1939-1945). Un hombre herido viaja en un convoy sanitario por una carretera italiana, pero su estado es tan grave que tiene que quedarse en un monasterio deshabitado y semiderruido, donde se encarga de cuidarlo Hana, una enfermera canadiense. Aunque su cuerpo está totalmente quemado a consecuencia de un accidente sufrido en África, tiene todavía ánimo para contarle a Hana la trágica historia de su vida. 
590 |a Identificación anterior: 296 
538 |a Soporte: DVD -- Formato: DVD – Peso: 7.65gb -- Resolución: 720 x 480 -- 29.97fps 
500 |a Título original: The English Patient – Idioma: Inglés – Subtítulos: Español. 
100 1 |a Minghella, Anthony. 
700 1 |a Ondaatje, Michael; Novela. 
700 1 |a Fiennes, Ralph; Reparto. 
700 1 |a Thomas, Scott; Reparto. 
700 1 |a Binoche, Juliette; Reparto. 
700 1 |a Dafoe, Willem; Reparto. 
710 2 |a Miramax. 
653 |a FICCIÓN 
653 |a LARGOMETRAJE 
859 |a CEMS  |b BIB. CEMS - Depto. Recursos Didacticos  |h 778.5  |i MIN  |k DRD  |p 3237.23  |t Ej.1